Journal of Property Research

Bibliographic Details
Format: Book
Published: United Kingdom : Routledge Taylor & Francis Group , 2003-
Subjects:

MARC

LEADER 00000cam a2200000 7i4500
001 0000015691
005 20070313.0
020 |a 0959-9916 
040 |a INS 
090 0 0 |a HD251   |b J67 
245 0 0 |a Journal of Property Research 
260 |a United Kingdom :   |b Routledge Taylor & Francis Group ,   |c 2003- 
300 |a v. :   |b ill. ;   |c 25 cm. 
310 |a Quarterly 
650 0 0 |a Land use   |z Great Britain   |v Periodicals 
650 0 0 |a Real estate business   |z Great Britain   |v Periodicals 
850 |a Library has 1995, 2003, 2004, 2005 
999 |a SER0001912   |b BOOK   |c Open Shelf   |e Default branch 
999 |a SER0001913   |b BOOK   |c Open Shelf   |e Default branch 
999 |a SER0001914   |b BOOK   |c Open Shelf   |e Default branch 
999 |a SER0001915   |b BOOK   |c Open Shelf   |e Default branch 
999 |a SER0004832   |b BOOK   |c Open Shelf   |e Default branch 
999 |a SER0006265   |b BOOK   |c Open Shelf   |e Default branch 
999 |a SER0006266   |b BOOK   |c Open Shelf   |e Default branch 
999 |a SER0006267   |b BOOK   |c Open Shelf   |e Default branch 
999 |a SER0006268   |b BOOK   |c Open Shelf   |e Default branch 
999 |a SER0006269   |b BOOK   |c Open Shelf   |e Default branch 
999 |a SER0006270   |b BOOK   |c Open Shelf   |e Default branch 
999 |a SER0006271   |b BOOK   |c Open Shelf   |e Default branch 
999 |a SER0006300   |b BOOK   |c Open Shelf   |e Default branch 
999 |a SER0006301   |b BOOK   |c Open Shelf   |e Default branch 
999 |a SER0006681   |b BOOK   |c Open Shelf   |e Default branch 
999 |a SER0007051   |b BOOK   |c Open Shelf   |e Default branch 
999 |a SER0007104   |b BOOK   |c Open Shelf   |e Default branch 
999 |a SER0007127   |b BOOK   |c Open Shelf   |e Default branch 
999 |a SER0007175   |b BOOK   |c Open Shelf   |e Default branch 
999 |a SER0007464   |b BOOK   |c Open Shelf   |e Default branch 
999 |a SER0007612   |b BOOK   |c Open Shelf   |e Default branch 
999 |a SER0007705   |b JOURNAL   |c Open Shelf   |e Default branch 
999 |a SER0007915   |b BOOK   |c Open Shelf   |e Default branch 
999 |a SER0007986   |b BOOK   |c Open Shelf   |e Default branch